000
00357nam a2200133Ia 4500
008
100328s9999 xx 000 0 und d
082
_b
49463
100
_a
थत्ते यदुनाथ
245
_a
वानवळा
260
_b
नवीन उद्योग
630
_a
वानवळा
730
_a
वानवळा
942
_c
BOOK
999
_c
536841
_d
536838